000 00417 a2200169 4500
001 54451
020 _a
040 _cAnchieta - Pituba
100 _aFabiane Mesquita e Shirley
240 1 0 _a1ª Língua portuguesa, III unidade
_lpor
245 1 0 _a1ª Língua portuguesa, III unidade
300 _a8
362 0 _a2016
440 1 _aColégio Anchieta
650 4 _aLínguas espanhola e portuguesa
942 _cBK
999 _c54451
_d54451